| 000 | 01022nam a2200265Ia 4500 | ||
|---|---|---|---|
| 003 | OSt | ||
| 005 | 20220916110901.0 | ||
| 006 | a|||||r|||| 00| 0 | ||
| 007 | ta | ||
| 008 | 220915b |||||||| |||| 00| 0 hin d | ||
| 024 | _a745 | ||
| 037 | _b556, 23/03/2009, Vani Prakashan | ||
| 037 | _cTextbook | ||
| 040 |
_bhin _aARTS _cARTS |
||
| 041 | _ahin | ||
| 082 | _aO155,2N38,AY, 152N9 | ||
| 100 | _aदेशपांडे, गोविंद पुरूषोत्तम; | ||
| 245 | 0 | _aअंधार यात्रा | |
| 246 | _aAandhār yātrā | ||
| 260 |
_aनई _bदिल्ली राष्ट्रीय नाट्य विद्यालय भारत _c1999 |
||
| 300 |
_a104पृ0 _ccm. |
||
| 700 | _aदेव, वसंत, अनु. | ||
| 942 |
_hO155,2N38,AY, 152N9 _cTB _2CC |
||
| 999 |
_c100342 _d100342 |
||